<?xml version="1.0" encoding="UTF-8"?><?xml-stylesheet type="text/xsl" href="static/style.xsl"?><OAI-PMH xmlns="http://www.openarchives.org/OAI/2.0/" xmlns:xsi="http://www.w3.org/2001/XMLSchema-instance" xsi:schemaLocation="http://www.openarchives.org/OAI/2.0/ http://www.openarchives.org/OAI/2.0/OAI-PMH.xsd"><responseDate>2026-04-17T03:04:07Z</responseDate><request verb="GetRecord" identifier="oai:www.recercat.cat:10256/23727" metadataPrefix="marc">https://recercat.cat/oai/request</request><GetRecord><record><header><identifier>oai:recercat.cat:10256/23727</identifier><datestamp>2024-06-18T11:51:54Z</datestamp><setSpec>com_2072_452955</setSpec><setSpec>com_2072_2054</setSpec><setSpec>col_2072_453063</setSpec></header><metadata><record xmlns="http://www.loc.gov/MARC21/slim" xmlns:dcterms="http://purl.org/dc/terms/" xmlns:xsi="http://www.w3.org/2001/XMLSchema-instance" xmlns:doc="http://www.lyncode.com/xoai" xsi:schemaLocation="http://www.loc.gov/MARC21/slim http://www.loc.gov/standards/marcxml/schema/MARC21slim.xsd">
   <leader>00925njm 22002777a 4500</leader>
   <datafield ind2=" " ind1=" " tag="042">
      <subfield code="a">dc</subfield>
   </datafield>
   <datafield ind2=" " ind1=" " tag="720">
      <subfield code="a">Alleg, Safia</subfield>
      <subfield code="e">author</subfield>
   </datafield>
   <datafield ind2=" " ind1=" " tag="720">
      <subfield code="a">Bekhouche, Ahlem</subfield>
      <subfield code="e">author</subfield>
   </datafield>
   <datafield ind2=" " ind1=" " tag="720">
      <subfield code="a">Hachache, Hacene</subfield>
      <subfield code="e">author</subfield>
   </datafield>
   <datafield ind2=" " ind1=" " tag="720">
      <subfield code="a">Suñol Martínez, Joan Josep</subfield>
      <subfield code="e">author</subfield>
   </datafield>
   <datafield ind2=" " ind1=" " tag="260">
      <subfield code="c">2023-10-12</subfield>
   </datafield>
   <datafield ind2=" " ind1=" " tag="520">
      <subfield code="a">High-entropy FeCoCrNiMn (C1) and FeCoCrNiMn10Al10 (C2) alloys (HEAs) were mechanically alloyed for 24 h and heated to 900 °C (C1_900 °C and C2_900 °C). The powders were also compacted into pellets (C1_pellet and C2_pellet) and sintered at 500 °C for 1 h. Crystal structure, microstructure, magnetic, and mechanical properties were investigated by X-ray diffraction, scanning electron microscopy, vibrating sample magnetometry, and microindentation. During the milling process, a mixture of body-centered-cubic (BCC) and face-centered-cubic (FCC) phases with a crystallite size in the range of 9–13 nm was formed in the C1 HEA alloy. The dual FCC + BCC solid solutions remain for the C1_pellet and transform to a single FCC for the C1_900 °C powders. Al addition stabilizes the BCC structure in the FeCoCrNiMn10Al10 HEA alloy, as revealed by the structural refinement. The structure exhibits a mixture of BCC + FCC solid solutions for the C2 powders and BCC + FCC + CrCo sigma phase for the C2_pellet and C2_900 °C powders. The crystallite sizes are in the range of 6-93 nm for all the samples. The saturation magnetization (Ms), coercivity (Hc), and squareness ratio (Mr/Ms) are estimated to be 24.2 emu/g, 153.62 Oe, and 0.165, respectively, for C1 and 28.45 emu/g, 188.48 Oe, and 0.172 for C2. The C1_900 °C and C2_900 °C powders exhibit, respectively, paramagnetic and soft magnetic behaviors and an exchange bias at room temperature. The C1_pellet and C2_pellet HEAs show high hardness values of 584.85 Hv and 522.52 Hv, respectively</subfield>
   </datafield>
   <datafield ind1="8" ind2=" " tag="024">
      <subfield code="a">http://hdl.handle.net/10256/23727</subfield>
   </datafield>
   <datafield tag="653" ind2=" " ind1=" ">
      <subfield code="a">Aliatge mecànic</subfield>
   </datafield>
   <datafield tag="653" ind2=" " ind1=" ">
      <subfield code="a">Mechanical alloying</subfield>
   </datafield>
   <datafield tag="653" ind2=" " ind1=" ">
      <subfield code="a">Aliatges</subfield>
   </datafield>
   <datafield tag="653" ind2=" " ind1=" ">
      <subfield code="a">Alloys</subfield>
   </datafield>
   <datafield tag="653" ind2=" " ind1=" ">
      <subfield code="a">Raigs X -- Difracció</subfield>
   </datafield>
   <datafield tag="653" ind2=" " ind1=" ">
      <subfield code="a">X-rays -- Diffraction</subfield>
   </datafield>
   <datafield ind2="0" ind1="0" tag="245">
      <subfield code="a">Effect of Aluminum Addition on the Microstructure, Magnetic, and Mechanical Properties of FeCrCoNiMn High-Entropy Alloy</subfield>
   </datafield>
</record></metadata></record></GetRecord></OAI-PMH>